| 000 | 00438nam a22001457a 4500 | ||
|---|---|---|---|
| 082 | _aP-192 | ||
| 100 |
_aTC Shahzad Baig _948216 |
||
| 245 |
_aComputer aided analysis of single and multispan beams bythe method of consistent deformaion _cTC Shahzad Baig, TC Shabih Hassan |
||
| 260 |
_aRisalpur _bMCE |
||
| 300 | _a45 p: | ||
| 526 |
_a0 _b0 _c0 _dP_192 |
||
| 650 | _aProject | ||
| 700 |
_aDr Anwar Ul Haq Muneeb _948041 |
||
| 942 |
_2ddc _cBK |
||
| 999 |
_c551222 _d551222 |
||